MDQL
is popping MORE tags! Check the
thread
!
Quizzes
Events
Quiz Creation
Community
Videos
Private Events
Remove Ads
Sign In
Join for FREE
Feedback
Dark Mode
Quiz Categories
Sports
Geography
Music
Movies
Television
Just For Fun
Miscellaneous
History
Literature
Language
Science
Gaming
Entertainment
Religion
Holiday
For Kids
Quiz Lab
Recent
Popular Today
Quiz Kudos Today
Editor Picks
Curator Picks
Quizzes by...
Day
Popularity
Type
Ratings
Length
Year
Community
Subscriptions
Recent Discussions
Orange Saloon
Badges
Playlists
Quests
Create
Leaderboards
Showdown
Live 5
Trivia Bingo
Activity
Puzzle Library
Sporcle Events
Private Events
Virtual Trivia
Globe League
Become a Host
Pub Owners
SporcleCon
Opinionation
Our Games
Videos
Blog
Mobile Apps
Partnerships
Remove Ads and Go Orange
Feedback
History
US Presidents
World Leaders
Politics
Nation
Discovery
War
Decade
Year
Century
Biography
Art
History
US Presidents
World Leaders
Politics
Nation
Discovery
War
Decade
Year
Century
Biography
Art
Random Quiz
Search Sporcle
×
Quiz Lab
Quiz Lab
History
Politics
Type in answers that appear in a list
Type in answers that appear in a list
Classic
Best Score? Go Orange.
Heads of Governments in the European Union Stats
Can you name the Heads of Governments in the European Union (June 2010)?
By
chiamh
10m
27 Questions
92 Plays
92 Plays
92 Plays
Comments
Comments
Give Quiz Kudos
Give Quiz Kudos
-
- Ratings
hide this ad
More Info
Replay
Link that replays current quiz
Next Quiz
Link to next quiz in quiz playlist
You Got
0%
They Got
Avg Score
30%
Avg Friend Score
Upgrade to see
Score Distribution
Jump to the score distribution portion of the page
Score
0/27
Timer
10:00
0
Plays Today
Country
Head of Government
% Correct
Germany
Angela Merkel
89.1%
United Kingdom
David Cameron
89.1%
Italy
Silvio Berlusconi
64.1%
Spain
José Luis Rodríguez Zapatero
50%
Denmark
Lars Løkke Rasmussen
34.8%
Ireland
Brian Cowen
32.6%
France
François Fillon
31.5%
Poland
Donald Tusk
31.5%
Portugal
José Socrates
31.5%
Luxembourg
Jean-Claude Juncker
30.4%
Greece
George Papandreou
29.3%
Belgium
Yves Leterme
28.3%
Sweden
Fredrik Reinfeldt
25%
Netherlands
Jan Peter Balkenende
23.9%
Country
Head of Government
% Correct
Cyprus
Dimitris Christofias
21.7%
Finland
Mari Kiviniemi
21.7%
Austria
Werner Faymann
20.7%
Czech Republic
Jan Fischer
20.7%
Romania
Emil Boc
20.7%
Slovakia
Robert Fico
18.5%
Estonia
Andrus Ansip
16.3%
Bulgaria
Boyko Borisov
15.2%
Hungary
Viktor Orbán
15.2%
Malta
Lawrence Gonzi
15.2%
Slovenia
Borut Pahor
12%
Latvia
Valdis Dombrovskis
10.9%
Lithuania
Andrius Kubilius
10.9%
Quiz Playlist
Details
Report
Send in Message
Add To Playlist
More Info:
Heads of governments in countries of the European Union
Classic:
Type in answers that appear in a list
Last Updated: Feb 16, 2017
Quiz Scoreboard
CHALLENGE
Sign Up to Join the Scoreboard
Show All
Scores
Hide
Comments
May contain spoilers
Recently Published
Two Season TV Shows II
by 123Four
Television
10m
Image Sorting: Flags VI
by Barbecue
Geography
2m
Find the 'City' Movie
by crazypaving
Movies
60s
More to Explore
Quiz From the Vault
Featured Blog Post
14 Easter Pick-up Lines to Find Eggs With
hide this ad
You Might Also Like...
Tags
Europe Quiz
Politics Quiz
2010
European Union
Government
June
union
Today's Top Quizzes in History
Browse History
hide this ad
Today's Top Quizzes in Politics
Browse Politics
Top Contributed Quizzes in History
1
I Am Born On March 29th
2
Order Up: 1000 Years of World Events I
3
US National Parks Named After People
4
Popular People in 1991
5
Popular People in 1951
6
Popular People in 1941
7
Popular People in 1981
8
Popular People in 1986
9
Popular People in 1921
10
Popular People in 1976
Explore More
Trending Topics
Crossword
Anime
Kpop
Marvel
NBA
Harry Potter
Disney
Pokémon
Soccer
Song
Puzzle
The Office
NFL
WWE
Country
hide this ad
More By:
chiamh
Quiz
Plays
Rating
Category
Featured
Created
Heads of Governments in the European Union
92
3.00
History
Jun 14, 2010
Foreign Ministers in the European Union
35
5.00
History
Jun 15, 2010
Go to Creator's Profile
Score Distribution
Quiz Creator Spotlight
chiamh
Follow
Send a Message
Quizzes Created
-
Created Quiz Play Count
-
More By This Creator
Popular Quizzes Today
1
Find the US States - No Outlines Minefield
2
Colored Red Africa Blitz
3
Find the 'City' Movie
4
5x2 Blitz: Bands
5
The Countries of the World
6
Find the Countries of Europe - No Outlines Minefield
7
Find the US States
8
US States
More History Quizzes
Presidents On Screen
Published
Trending Quizzes
Colored Red Europe Blitz I
Colored Red Africa Blitz II
Colored Red Europe Blitz II
Colored Red Africa Blitz III
Colored Red Europe Blitz III
Recently Updated
How Do You Spell That?
pecheneg
Godzilla Movies
pecheneg
Grab Bag: 4-10 Letters
pecheneg
2024 March Madness Bracket
pecheneg
Famous TV Couples
Peacemaker
Champions League XIs: Real Madrid
pecheneg
Largest US Cities 1790-2010
pecheneg
Rides in Walt Disney World
pecheneg
Most Oscar Losses (Acting)
pecheneg
Beyoncé Albums
pecheneg
Trending Topics
Crossword
Kpop
NBA
Marvel
Harry Potter
Anime
Disney
Soccer
The Office
Country
Song
Puzzle
NFL
Pokémon
WWE
Your Account Isn't Verified!
In order to create a playlist on Sporcle, you need to verify the email address you used during registration. Go to your
Sporcle Settings
to finish the process.
Report this User
Report this user for behavior that violates our
Community Guidelines
.
Details:
Send Report
Go to the Sporcle.com Mobile Site →
Comments